महाभाष्यम् (Record no. 1023766)

MARC details
000 -LEADER
fixed length control field 00916nam a2200265Ia 4500
003 - CONTROL NUMBER IDENTIFIER
control field OSt
005 - DATE AND TIME OF LATEST TRANSACTION
control field 20221005112059.0
008 - FIXED-LENGTH DATA ELEMENTS--GENERAL INFORMATION
fixed length control field 221004b |||||||| |||| 00| 0 hin d
037 ## - SOURCE OF ACQUISITION
Terms of availability Textual
040 ## - CATALOGING SOURCE
Original cataloging agency CRL
Transcribing agency CRL
Language of cataloging hin
041 ## - LANGUAGE CODE
Source of code hin
Language code of text/sound track or separate title hin
100 ## - MAIN ENTRY--PERSONAL NAME
Personal name पतंजलि
245 #0 - TITLE STATEMENT
Title महाभाष्यम्
Remainder of title हिन्दी व्याख्या सहितम्
246 ## - VARYING FORM OF TITLE
Title proper/short title Mahābhāṣhyam: hindī vyākhyā sahitam
260 ## - PUBLICATION, DISTRIBUTION, ETC.
Place of publication, distribution, etc. हरियाणा
Name of publisher, distributor, etc. रामलाल कपूर ट्रस्ट प्रेस भारत
Date of publication, distribution, etc. 1979
300 ## - PHYSICAL DESCRIPTION
Extent 834पृ.
Dimensions cm.
490 ## - SERIES STATEMENT
Volume/sequential designation प्रथम भाग
650 ## - SUBJECT ADDED ENTRY--TOPICAL TERM
Topical term or geographic name entry element हिन्दी भाषा
942 ## - ADDED ENTRY ELEMENTS (KOHA)
Classification part P15,Cx1,1,2, 152L9
Koha item type Textual
Source of classification or shelving scheme
Holdings
Withdrawn status Lost status Damaged status Not for loan Home library Current library Date acquired Serial Enumeration / chronology Total Checkouts Full call number Barcode Date last seen Price effective from Koha item type
        Central Library Central Library 2022-10-05 प्रथम भाग   P15,Cx1,1,2 152L9 BL0779402 Bra 2022-10-05 2022-10-05 Textual
Copyright @ Delhi University Library System